| 000 | 00526nam a22001697a 4500 | ||
|---|---|---|---|
| 999 |
_c8621 _d8621 |
||
| 008 | 201208b ||||| |||| 00| 0 eng d | ||
| 040 | _aBMS College of Architecture | ||
| 100 | _aVidyasagar, Keerthana | ||
| 245 | _aCentre for science and technology | ||
| 300 | _a47p. | ||
| 500 | _a1BM12AT030 | ||
| 502 |
_8B,Arch _NBMS College of Architecture, Visvesvaraya Technological University (VTU) _aProject report _d2016 |
||
| 650 | _aScience | ||
| 700 |
_aRiju C Thomas _eGuide |
||
| 700 |
_aRadhika Kak _eGuide |
||
| 942 |
_2ddc _cTHE |
||